000 01187 a2200253 4500
005 2008082200440.0
008 080822t xxu||||| |||| 00| 0 hin d
010 _aHIN-84022
020 _c200.00
_a9788180971013
035 _aHN-56368
037 _aDBAD / PUB
040 _aDPL
_bHN
082 _a820.8
100 _aपन्त, कैलाशचन्द्र
245 _aशब्द का विचार पक्ष /
_cकैलाशचन्द्र पन्त
246 _aShabd ka Vichaar Paksha
_bbyKailash Chandra Pant
260 _aइलाहाबाद
_bसाहित्य संगम
_c2007
270 _aनया 100, लूकरगंज
_bइलाहाबाद
_e1
300 _a168पृ
_c22सेमी (सजिल्द)
650 _aहिन्दी साहित्य
_xइतिहास एवं समालोचना
650 _aHindi literature
_xHistory and criticism
942 _adpl
_cHN
_kपन्तकै
_2ddc
_h820.8
999 _c14977
_d14977